<?xml version="1.0" encoding="UTF-8"?>
<record
    xmlns:xsi="http://www.w3.org/2001/XMLSchema-instance"
    xsi:schemaLocation="http://www.loc.gov/MARC21/slim http://www.loc.gov/standards/marcxml/schema/MARC21slim.xsd"
    xmlns="http://www.loc.gov/MARC21/slim">

  <leader>00675nam a22002177a 4500</leader>
  <controlfield tag="005">20150124125210.0</controlfield>
  <controlfield tag="008">131004t        mx ||||| |||| 00| 0 spa d</controlfield>
  <datafield tag="020" ind1=" " ind2=" ">
    <subfield code="a">9788474327809</subfield>
  </datafield>
  <datafield tag="050" ind1="0" ind2="4">
    <subfield code="a">LB1025.2 </subfield>
    <subfield code="b">J69 2006 </subfield>
  </datafield>
  <datafield tag="100" ind1="1" ind2=" ">
    <subfield code="a">Joyce, Bruce </subfield>
  </datafield>
  <datafield tag="245" ind1="1" ind2="0">
    <subfield code="a">Modelos de ense&#xF1;anza </subfield>
    <subfield code="c">/ Bruce Joyce, Marsha Weil con Emily Calhoun.</subfield>
  </datafield>
  <datafield tag="250" ind1=" " ind2=" ">
    <subfield code="a">1a ed.</subfield>
  </datafield>
  <datafield tag="260" ind1=" " ind2=" ">
    <subfield code="a">Barcelona, Espa&#xF1;a : </subfield>
    <subfield code="b">Gedisa, </subfield>
    <subfield code="c">r2006</subfield>
  </datafield>
  <datafield tag="300" ind1=" " ind2=" ">
    <subfield code="a">605 p. ; </subfield>
    <subfield code="c">24 cm.</subfield>
  </datafield>
  <datafield tag="440" ind1=" " ind2="0">
    <subfield code="a">Biblioteca de educaci&#xF3;n</subfield>
    <subfield code="n">11</subfield>
  </datafield>
  <datafield tag="504" ind1=" " ind2=" ">
    <subfield code="a">Bibliograf&#xED;a : </subfield>
    <subfield code="b">p. 555-592</subfield>
  </datafield>
  <datafield tag="650" ind1=" " ind2="7">
    <subfield code="2">Lemb</subfield>
    <subfield code="a">Ense&#xF1;anza </subfield>
    <subfield code="x">Aprendizaje </subfield>
  </datafield>
  <datafield tag="700" ind1="1" ind2=" ">
    <subfield code="a">Weil, Marsha, </subfield>
    <subfield code="e">coaut.</subfield>
  </datafield>
  <datafield tag="700" ind1="1" ind2=" ">
    <subfield code="a">Calhoun, Emily,</subfield>
    <subfield code="e"> coaut.</subfield>
  </datafield>
  <datafield tag="942" ind1=" " ind2=" ">
    <subfield code="2">ddc</subfield>
    <subfield code="c">LIB</subfield>
  </datafield>
  <datafield tag="999" ind1=" " ind2=" ">
    <subfield code="c">42521</subfield>
    <subfield code="d">42521</subfield>
  </datafield>
  <datafield tag="952" ind1=" " ind2=" ">
    <subfield code="1">0</subfield>
    <subfield code="2">lcc</subfield>
    <subfield code="4">0</subfield>
    <subfield code="7">0</subfield>
    <subfield code="a">LIC-047</subfield>
    <subfield code="b">LIC-047</subfield>
    <subfield code="c">GENERAL</subfield>
    <subfield code="d">2013-10-04</subfield>
    <subfield code="e">rec.prop.esc.</subfield>
    <subfield code="h">BFP000005113</subfield>
    <subfield code="i">Ciencias de la salud</subfield>
    <subfield code="k">Ciencias de la salud</subfield>
    <subfield code="o">LB1025.2 J69 2006 </subfield>
    <subfield code="p">BFP000005113</subfield>
    <subfield code="r">2013-10-04 00:00:00</subfield>
    <subfield code="t">1</subfield>
    <subfield code="y">LIB</subfield>
  </datafield>
</record>
